000 00612nam a2200229Ia 4500
003 OSt
005 20220928101718.0
006 a|||||r|||| 00| 0
007 ta
008 220927b |||||||| |||| 00| 0 eng d
024 _a27685
037 _cTextual
040 _aSDCL
_cSDCL
_beng
041 _2eng
_aeng
082 _aO15,2D40:g, N2
100 _aMishra Vidyaniwas
_9394106
245 0 _aKalidas ke sakshatkar.
260 _aMeerut
_bBhartiya Sahitya Prakashan
_c1992
300 _a115p
_ccm.
942 _hO15,2D40:g, N2
_cTEXL
_2CC
999 _c709661
_d709661